| 000 | 00440nam a2200145Ia 4500 | ||
|---|---|---|---|
| 008 | 191023s9999 xx 000 0 und d | ||
| 020 | _a9781337559881 | ||
| 100 | _aZill, Dennis G. | ||
| 245 |
_cDennis G. Zill.-- _aDifferential equations with boundary-value problems / |
||
| 250 | _a9th ed | ||
| 260 |
_aAsia : _bCengage Learning _c2018 |
||
| 300 | _ax, 559 pages. | ||
| 650 | _aBoundary value problems | ||
| 650 | _aDifferential equations | ||
| 999 |
_c362297 _d362297 |
||